Регионална библиотека "Любен Каравелов" - Русе

Дневникът на една камериерка (Запис номер 192303)

MARC детайли
000 -Лидер
Контролно поле с фиксирана дължина nam a22 a 4500
003 - Код на организацията, давaща контролен номер
Контролно поле BLK
005 - Дата и час на последна редакция
Контролно поле 20230307093546.0
008 - Елементи от данни с фиксирана дължина
fixed length control field 180411b bul|||||r ||||||| ||bul||
010 ## - Наследен системен номер
LC control number KNG00201490000
040 ## - Източник на каталожния запис
Идентификатор на билиотеката - собственик на записа BLK
041 ## - Код за език
Код за езика на текст/звукозапис или на отделно заглавие Български
Код за езика КДБФ Български
080 ## - УДК
Текстов определител УДК Френска литература
УДК код - определител по УДК 821.133.1
УДК определител -31
УДК - код + определител 821.133.1-31
100 1# - Редна дума - Автор
Автор Мирбо, Октав
Авторска отговорност първи автор
R(LIN) 96693
139 ## - Редно поле
Редна дума Мирбо, Октав
Авторски знак Мир - М 68
245 10 - Сведения за заглавието
Заглавие Дневникът на една камериерка
Подзаглавни данни [Роман]
Редно поле (дума) Октав Мирбо; прев. от фр. Изабела Георгиева; предг. от Венко Христов.
250 ## - Област на изданието
Сведения за изданието [2. изд.]
257 ## - Страна на издаване
Страна на създаване/издаване Франция
260 ## - Област на издателските данни
Място на издаване, разпространение и проч. София
Име на издателя, разпространителя и проч. Пейо К. Яворов
Година на издаване 1992
300 ## - Физическа характеристика
Страници 296 с.
Размери/Мащаб 20 см
380 ## - Жанр
Жанр Худож. лит.
500 ## - Общи забележки
Забележка Ориг. загл. Le journal d'une fermme de chambre / Octave Mirbeau. - 1. изд. 1985 на изд. Профиздат.
700 1# - Други автори (авторска отговорност)
Лично име Георгиева, Изабела
Автороска отговорност (Описва отношението между автора и произведението) прев. от фр.
9 (RLIN) 365628
700 1# - Други автори (авторска отговорност)
Лично име Христов, Венко
Автороска отговорност (Описва отношението между автора и произведението) предг. от
9 (RLIN) 367508
852 ## - Местоположение
Форматна сигнатура Цб 170085
Фондова буква Хранилище
856 4# - Електронен адрес и достъп
Електронен формат pdf - файл
Инструкция (цена за достъп) 0.00
Права за достъп disable
856 4# - Електронен адрес и достъп
Електронен формат pdf - файл
Инструкция (цена за достъп) 0.00
Права за достъп disable
999 ## - СИСТЕМНИ КОНТРОЛНИ НОМЕРА
Koha biblionumber 192303
Koha biblioitemnumber 192303
942 ## - АРТИКУЛИ
Вид на библиотечния материал Книги
Скрит в OPAC Не
Периодичен библиозапис Да
944 ## - СЪЗДАВАНЕ И РЕДАКЦИЯ на ЗАПИСА
Създаване/Редакция Създаване
Дата на регистрацията/редакция 21.02.2017
Служител, извършил регистрацията/редакцията Кети_Илиева
944 ## - СЪЗДАВАНЕ И РЕДАКЦИЯ на ЗАПИСА
Създаване/Редакция Редакция
Дата на регистрацията/редакция 22.02.2018
Служител, извършил регистрацията/редакцията Теодора_Стоянова
999 ## - СИСТЕМНИ КОНТРОЛНИ НОМЕРА
Koha biblioitemnumber 192303
999 ## - СИСТЕМНИ КОНТРОЛНИ НОМЕРА
Koha biblioitemnumber 192303
Наличности
Код за отписване Код за изгубен артикул Източник на класификационната схема Код за повреда Коз за рестрикции Код за отдаване Артикулен № Име на библиотеката - собственик Име на библиотеката, в която се намира в момента Статус (Текущо местоположение) Дата на вписване в системата Местоположение - отдел Цена в лева Инвентарен номер Систематично азбучна сигнатура Баркод Номер на екземпляра Цена в евро Служебна бележка Служебен тип на артикула
  Не е изгубен Universal Decimal Classification Не е повреден без рестрикции ползва се в читалня 337356 Регионална библиотека "Любен Каравелов" Русе Регионална библиотека "Любен Каравелов" Русе Хранилище 1992-01-01 Хранилище 10.00 569592 Цб 170085 120000569592 1 5.11 Вид: Сф Дата: 01.01.1992 Книги
Vip Innovations Ltd, Rousse, Bulgaria 2025